| 000 | 00956nam a22002897i 4500 | ||
|---|---|---|---|
| 003 | URS | ||
| 005 | 20220117120702.0 | ||
| 008 | 180522b xxu||||| |||| 00| 0 eng d | ||
| 020 | _a0201134845 | ||
| 040 |
_aDLC _erda _cURS _dDLC _beng |
||
| 050 | 0 | 0 |
_aQA551 _b.F87 1992 |
| 100 | 1 |
_aFuller, Gordon, _d1894- |
|
| 245 | 1 | 0 |
_aAnalytic geometry / _cGordon Fuller, Dalton Tarwater.- |
| 250 | _aSeventh edition.- | ||
| 264 | 1 |
_aReading, Mass. : _bAddison-Wesley, _c[1992] |
|
| 264 | 4 | _c©1992 | |
| 300 |
_axiv, 418 pages. : _billustrations ; _c24 cm |
||
| 336 |
_atext _btxt _2rdacontent |
||
| 337 |
_aunmediated _bn _2rdamedia |
||
| 338 |
_avolume _bnc _2rdacarrier |
||
| 500 | _aIncludes index. | ||
| 650 | 0 | _aGeometry, Analytic. | |
| 700 | 1 | _aTarwater, J. Dalton. | |
| 906 |
_a7 _bcbc _corignew _d1 _eocip _f19 _gy-gencatlg |
||
| 942 |
_2lcc _cFR |
||
| 999 |
_c5212 _d5212 |
||